| 000 | 00956nam a22002777a 4500 | ||
|---|---|---|---|
| 001 | 5517 | ||
| 003 | FISKH | ||
| 005 | 20250620103939.0 | ||
| 008 | 241216b cb ||||| |||| 00| 0 eng d | ||
| 020 | _a9780764106392 | ||
| 040 |
_aFISKH _beng _cFISKH _dFISKH |
||
| 050 | _aQH541.P6 | ||
| 082 | _a577.0911 | ||
| 100 | _aTaylor, Barbara | ||
| 245 |
_aPole to pole / _cby Barbara Taylor |
||
| 260 |
_aNew York : _bBarron's Educational Series, Inc ; _c1999. |
||
| 300 |
_a31 pages : _bcolor illustrations ; _c25 cm . |
||
| 490 | _a The Natural World | ||
| 505 | _aS | ||
| 520 | _aFocusing on the wildlife, each book in this series shows how the different regions of the world are home to a diverse range of animal and plant species, all of which co-exist and depend on each other for survival. | ||
| 521 | 8 |
_a800
_bLexile estimate |
|
| 521 | 8 |
_aS
_bRaz-Plus |
|
| 650 |
_ahabitats _vNon-fiction |
||
| 942 |
_2ddc _cBK _n0 |
||
| 999 |
_c5517 _d5517 |
||